Score 0/24 Timer 03:00
2 Plays Today
Hint Answer % Correct
How I ____ Your MotherMet
99.5%
I ____ LucyLove
99.1%
Who ____ to Be a Millionaire?Wants
98.5%
America's ____ TalentGot
98.3%
Orange ____ the New BlackIs
96.9%
____ with the StarsDancing
96.8%
So You ____ You Can Dance?Think
96.4%
Murder, She ____ Wrote
92.9%
Father ____ BestKnows
92.6%
____ BadBreaking
92.5%
Boy ____ WorldMeets
92.3%
Everybody ____ ChrisHates
91.4%
Hint Answer % Correct
____ It to BeaverLeave
88.3%
One Life to ____Live
87.7%
Here ____ Honey Boo BooComes
87.7%
____ Your EnthusiasmCurb
86.9%
I ____ of JeannieDream
82.4%
____ Up AppearancesKeeping
77.3%
Men ____ BadlyBehaving
71.1%
What I ____ About YouLike
70.9%
____ DaisiesPushing
68.1%
Just ____ MeShoot
48.9%
Clarissa ____ It AllExplains
44.3%
____ Your ShortsSalute
18.9%

Today's Daily Dose

Quick Pick
Colorful Movies

Get the Picture
Dog Breeds II

Remove Ads.
Support Sporcle.
Get the best of Sporcle when you Go Orange. This ad-free experience offers more features, more stats, and more fun while also helping to support Sporcle. Thank you for becoming a member.

You're not logged in!

Compare scores with friends on all Sporcle quizzes.
OR
Log In

Show Comments

Extras

Top Quizzes Today


Score Distribution

Your Account Isn't Verified!

In order to create a playlist on Sporcle, you need to verify the email address you used during registration. Go to your Sporcle Settings to finish the process.

Report this User

Report this user for behavior that violates our Community Guidelines.

Details: